Statistics for Capitals That Make Up the Least Percent of Its Countries Population

Click here to take the quiz!

General Stats

  • This quiz has been taken 47 times
  • The average score is 7 of 10

Answer Stats

Precent of PopulationCapital% Correct
0.2Washington D.C.
95%
0.5Beijing
93%
1.2Brasilia
93%
0.03New Delhi
86%
1.6Canberra
84%
1.1Ottawa
81%
0.4Islamabad
72%
0.1Abuja
63%
1.6Bern
49%
1.6Kuwait
5%

Score Distribution

Percentile by Number Answered

Percent of People with Each Score

Your Score History

You have not taken this quiz